[Event "Winter Paracin-GM 2019"]
[Site "Paracin"]
[Date "2019.02.05"]
[Round "8.5"]
[White "Djordjevic, Vuk"]
[Black "Oglaza, Oskar"]
[Result "1/2-1/2"]
[WhiteElo "2408"]
[BlackElo "2320"]
[Annotator "TA"]
[PlyCount "58"]
[EventDate "2019.01.31"]
[EventType "tourn"]
[EventCountry "SRB"]
[SourceTitle "playchess.com"]
[Source "ChessBase"]
[SourceQuality "1"]

{[%evp 9,58,9,14,7,9,0,4,-5,1,0,-5,-8,-5,-10,0,-33,-28,-24,-30,-51,-59,-67,-89,-108,-85,-85,-88,-79,-78,-145,-147,-140,-139,-240,-226,-285,-208,-192,-180,-204,-164,-234,-234,-246,-127,-159,0,-277,0,-156,0]} 1. d4 Nf6 2. Bg5 d5 3. e3 c5 4. c3 (4. Bxf6 gxf6 5. dxc5 Nc6 6. Bb5 e6 7. c4 dxc4 8. Nd2 c3 9. bxc3 Qd5 10. Ngf3 Qxc5 11. Ba4 Bg7 12. Ne4 Qa5 13. Bxc6+ bxc6 {½-½ (42) Vitiugov,N (2719)-Le,Q (2714) St Petersburg 2018}) 4... Qb6 $146 ({Predecessor:} 4... Nc6 5. Nd2 Qb6 {1-0 (30) Ubezio,M (2085)-Siclari,G (2075) Biella 2015}) 5. Qb3 Nc6 6. Nd2 {D00: 1 d4 d5: Unusual lines} Bf5 7. dxc5 Qxc5 8. Ngf3 {The position is equal.} e5 9. Bxf6 (9. Qxb7 Rb8 $17) ({Predecessor:} 9. Qb5 Qxb5 10. Bxb5 Nd7 11. Nh4 Be6 {1-0 (30) Ubezio,M (2085)-Siclari,G (2075) Biella 2015}) 9... gxf6 10. Be2 O-O-O 11. O-O Rg8 12. Kh1 Bd6 13. Rfd1 Bc7 14. Nf1 Be6 15. Qc2 f5 16. Rac1 Qe7 17. c4 dxc4 $1 18. Bxc4 e4 19. N3d2 (19. Ne1 $142) 19... Kb8 (19... Qg5 20. g3 $11) 20. Be2 h5 ({Don't take} 20... Bxa2 21. b3 $15) 21. a3 (21. Nb3 $17 {was worth a try.}) 21... h4 $19 ({Not} 21... Qg5 22. g3 $17) 22. f4 exf3 23. Nxf3 {[#]} h3 $1 {[%mdl 512]} 24. g3 (24. gxh3 Bd5) 24... Bb6 25. Rxd8+ (25. Bc4 {is a better defense.}) 25... Rxd8 ({Resist} 25... Qxd8 26. Bc4 $17) 26. Rd1 Rc8 (26... Bd5 $1 $19 27. Qxf5 Nd4 $1 {[%mdl 576] Pin} 28. Qf4+ Bc7 29. Qxd4 Bxf3+ {[%mdl 64] Discovered Attack} 30. Bxf3 Rxd4 31. exd4 Qf6) 27. Qd2 Rd8 (27... Qf6 $17 28. Rc1 a6) 28. Qc2 $1 {[#]} Rc8 (28... Bd5 $1 $19 29. Rxd5 Rxd5) 29. Qd2 $1 $17 Rd8 $2 {Accuracy: White = 49%, Black = 70%.} (29... Qf6 $17 30. Rc1 Rc7) 1/2-1/2

[Event "Winter Paracin-GM 2019"]
[Site "Paracin"]
[Date "2019.02.06"]
[Round "9.1"]
[White "Oglaza, Oskar"]
[Black "Mahalakshmi, M."]
[Result "1-0"]
[WhiteElo "2320"]
[BlackElo "2185"]
[Annotator "TA"]
[PlyCount "90"]
[EventDate "2019.01.31"]
[EventType "tourn"]
[EventCountry "SRB"]
[SourceTitle "playchess.com"]
[Source "ChessBase"]
[SourceQuality "1"]

{[%evp 19,90,11,9,20,15,30,36,25,75,20,45,16,55,50,55,61,134,131,133,145,141,100,157,108,200,187,195,196,187,197,190,196,196,196,196,197,197,197,199,193,418,411,504,502,507,500,493,504,503,494,656,472,493,493,473,464,447,434,541,493,486,471,29973,29973,29972,29975,29974,29975,29973,12577,6514,6403,29969]} 1. e4 ({Predecessor:} 1. d4 d5 2. e3 Nf6 3. Bd3 c5 4. c3 cxd4 5. exd4 {0-1 (36) Tarmann,J (2002)-Drinovec,A (2153) Latschach 2013}) 1... c6 2. d4 d5 3. exd5 cxd5 4. Bd3 Nc6 5. c3 Nf6 6. h3 e5 7. dxe5 Nxe5 8. Nf3 Nxd3+ 9. Qxd3 Be7 10. O-O ({Predecessor:} 10. Be3 O-O 11. Nbd2 Be6 {0-1 (36) Tarmann,J (2002)-Drinovec,A (2153) Latschach 2013}) 10... O-O 11. Be3 {B13: Caro-Kann: Exchange Variation and Panov-Botvinnik Attack} Be6 $146 (11... b6 12. Nd4 Bb7 13. Bg5 h6 14. Bh4 Qd7 15. Re1 Rae8 16. Nd2 g5 17. Bg3 Ne4 18. Nf1 f5 {1-0 (54) Alekseev,E (2638)-Bocharov,D (2593) Khanty-Mansiysk 2016}) 12. Nbd2 Qc7 13. Bd4 {White is slightly better.} Rad8 ({Predecessor:} 13... h6 14. Rfe1 Nd7 15. Ne5 Nc5 16. Qf3 Bg5 17. Re2 Rad8 {0-1 (36) Tarmann,J (2002)-Drinovec,A (2153) Latschach 2013}) 14. Rfe1 (14. Ng5 $16 {And now Bxf6 would win.} h6 15. Nxe6 fxe6 16. Rfe1 (16. Bxa7 $2 b6 $19)) 14... h6 15. Rad1 (15. Bxa7 $2 b6 $17) 15... b6 16. Be5 Qc8 17. Nd4 Rfe8 (17... Nd7 $14) 18. Nxe6 $16 fxe6 19. Qg6 Rf8 20. Nf3 Bd6 (20... Bc5 $142) 21. Nd4 Bc5 (21... Rf7 $16 {might work better.}) 22. Re3 {aiming for Rg3.} Rf7 23. Rg3 {Strongly threatening Bxf6.} Bd6 24. Re1 Bxe5 25. Rxe5 Ne4 {[#]} 26. Rf3 $1 {[%cal Rf3f7]} ({Don't play} 26. Nxe6 $6 Rd6 $16) ({Stronger than} 26. Rxe6 Nxg3 27. Qxg3 Re8 $15) 26... Rxf3 27. gxf3 $40 {[%mdl 128] White attacks with force.} Ng5 28. Rxg5 {[%mdl 64] Remove Defender} ({Resist} 28. Nxe6 $6 Nxe6 29. Rxe6 Qd7 $16) 28... hxg5 29. Nxe6 $18 {[%csl Ge6][%cal Rg6g7][%mdl 4160] Endgame Double Attack. KQR-KQN} Rd7 $2 (29... Qd7 30. Nxd8 Qxd8 31. Qe6+ Kh8) 30. Nxg5 {Black must now prevent Qh7+.} Kf8 {If only Black now had time for ...Qe8....} 31. Qe6 {[%cal Rg5h7]} g6 {[#]} 32. Nh7+ $1 {[%mdl 576] Pin} Kg7 (32... Rxh7 33. Qxc8+) 33. Nf6 {[%mdl 64] Double Attack} Rc7 34. Ne8+ {[%mdl 64] Double Attack} Kh6 35. Nxc7 Qxc7 36. Qxd5 {KQ-KQ} Qf4 37. Kg2 Qc1 38. Qb5 Qd2 39. Qb4 Qg5+ 40. Qg4 Qd2 (40... Qc1 $18 41. Qh4+ Kg7 42. Qe7+ Kg8) 41. Qh4+ Kg7 42. Qd4+ Qxd4 43. cxd4 Kf6 44. f4 Ke6 45. Kf3 Kd5 {Accuracy: White = 77%, Black = 29%.} 1-0

[Event "Winter Paracin-GM 2019"]
[Site "Paracin"]
[Date "2019.02.06"]
[Round "9.2"]
[White "Lazic, Miroljub"]
[Black "Djordjevic, Vuk"]
[Result "1/2-1/2"]
[WhiteElo "2458"]
[BlackElo "2408"]
[Annotator "TA"]
[PlyCount "90"]
[EventDate "2019.01.31"]
[EventType "tourn"]
[EventCountry "SRB"]
[SourceTitle "playchess.com"]
[Source "ChessBase"]
[SourceQuality "1"]

{[%evp 21,90,14,26,20,20,29,35,8,15,0,0,0,0,-1,20,0,58,57,60,0,0,0,0,0,0,0,71,75,90,0,0,0,59,-49,-47,-11,0,-72,-72,-88,-83,-77,-92,-85,-69,-69,-69,-69,-69,-87,-69,-69,-69,-69,-55,-69,-46,-69,-69,-69,-69,-69,-69,-69,-69,-69,-69,-69,-69,-69,-69]} 1. g3 Nf6 2. Bg2 e6 3. d3 d5 4. Nf3 Be7 5. O-O O-O 6. Nbd2 c5 7. e4 Nc6 8. Re1 b5 9. exd5 exd5 10. d4 c4 11. a4 {C00: French: Unusual White 2nd moves} Bf5 {LiveBook: 6 Games. next ...Nb4 is good for Black.} 12. Nf1 b4 13. Ne5 {The position is equal.} Rc8 14. Bg5 h6 15. Bxf6 Bxf6 ({Not} 15... gxf6 $2 16. Nxc6 Rxc6 17. Ne3 $18) 16. Ne3 Be6 $1 17. N3g4 $146 ({Predecessor:} 17. Nxc6 Rxc6 18. c3 bxc3 19. bxc3 {½-½ (36) Sanduleac,V (2485)-Grunberg,M (2445) Romania 1999}) 17... Be7 18. Ng6 Re8 (18... Bxg4 $11 19. Nxe7+ Qxe7 20. Qxg4 Qd6) 19. Nf4 $1 $36 {[%cal Rf4e6][%mdl 2048] White fights for an advantage.} Nxd4 {[#]} 20. Nxh6+ $1 {[%mdl 512]} gxh6 $11 21. Qxd4 Bf6 22. Qxa7 {And now Bxd5! would win.} Bxb2 23. Rad1 {[%cal Rg2d5]} d4 (23... Bc3 $11) 24. Nxe6 $16 fxe6 {[#]} 25. Qb7 (25. Rb1 $1 $16 {[%cal Rb1b2]} Bc3 26. Re4) 25... Qc7 26. Qe4 Qh7 (26... Kh8 $11) 27. Rxd4 ({White should try} 27. Qf4 $14 Qxc2 28. Qg4+ Kh8 29. Rxe6 Rxe6 30. Qxe6 Qxd1+ 31. Bf1) 27... Bxd4 $15 28. Qxd4 Qg7 29. Qxg7+ (29. Qb6 $11 {remains equal.} Rb8 30. Qc6) 29... Kxg7 $11 {[%mdl 4096] Endgame KRR-KRB} 30. a5 Rc5 31. a6 Ra5 32. Bb7 b3 33. cxb3 cxb3 34. Rb1 Ra3 35. Kg2 Rd8 {...Rd3 is the strong threat.} 36. a7 $1 {[%cal Ra7a8] Black is slightly better.} Rxa7 37. Rxb3 Rd2 38. Bc6 e5 39. Rb7+ Rxb7 40. Bxb7 $15 {KR-KB} Kf6 41. Be4 Re2 42. Kf3 Ra2 43. h4 Ke6 44. g4 Kf6 45. Kg3 Ra3+ {Precision: White = 53%, Black = 67%.} 1/2-1/2

[Event "Winter Paracin-GM 2019"]
[Site "Paracin"]
[Date "2019.02.06"]
[Round "9.3"]
[White "Mendonca, Leon Luke"]
[Black "Fenil, Shah"]
[Result "1-0"]
[WhiteElo "2350"]
[BlackElo "2400"]
[Annotator "TA"]
[PlyCount "61"]
[EventDate "2019.01.31"]
[EventType "tourn"]
[EventCountry "SRB"]
[SourceTitle "playchess.com"]
[Source "ChessBase"]
[SourceQuality "1"]

{[%evp 15,61,0,0,0,0,-106,-103,-105,-100,-91,27,16,58,47,181,172,177,146,191,7,12,16,206,212,204,209,208,202,195,179,203,180,176,172,184,177,518,509,29969,29970,29967,29968,29992,29993,29993,825,29995,29996]} 1. d4 d5 2. c4 e6 3. Nf3 c6 4. g3 dxc4 5. Bg2 b5 6. O-O Bb7 7. Nc3 {D30: Queen's Gambit Declined: Systems without Nc3} Nd7 8. Ne5 Qc8 {LiveBook: 5 Games} 9. Ne4 $146 {[%cal Bc3e4,Be4g5,Bg5e6][%mdl 32] The position is equal.} ({Predecessor:} 9. b3 cxb3 10. Ne4 Ngf6 11. Nxf7 Kxf7 12. Ng5+ Ke8 13. Qxb3 Nb6 {1-0 (59) Lysyj,I (2671)-Lupulescu,C (2626) Baku 2015}) 9... Ngf6 10. Nxf7 (10. Nxd7 $1 $11 {keeps the balance.} Qxd7 11. Nxf6+ gxf6 12. Be3) 10... Kxf7 $17 11. Ng5+ Ke7 $1 12. Bh3 h6 ({Black should play} 12... c5 $1 $17 {[%cal Rc5d4]} 13. Nxe6 Qc6) 13. Nxe6 $11 Kf7 {[#] aiming for ...c5.} 14. e4 $1 {[%cal Re4e5][%mdl 512] Threatens to win with e5.} Nxe4 (14... Qe8 $14) 15. Nf4 $18 {And now Qh5+ would win.} ({Inferior is} 15. Qf3+ Nef6 $17) 15... Ng5 16. Bf5 $1 Bd6 17. h4 $2 (17. Ng6 $18) 17... Bxf4 $1 $11 18. Qh5+ Kf8 $2 (18... Kg8 $11 19. hxg5 Qe8 20. Qxe8+ Rxe8 21. gxf4 (21. Bxf4 hxg5 22. Bd6 Nb6 $11) 21... Nb6) 19. Bxf4 $18 Qe8 20. Bd6+ $1 Kg8 21. Qxe8+ Rxe8 22. hxg5 Nf8 23. Rae1 Rd8 {[#]} 24. Be7 $1 {[%cal Re7d8]} Rd5 25. Be4 $36 {[%mdl 2048] White is in control.} Rxd4 $2 (25... Rd7 {is a better chance.}) 26. Bxf8 Kxf8 (26... hxg5 $18 27. Bc5 Rd8 28. Bxa7 Kf7) 27. Bg6 {[%csl Gg6][%cal Re1e8]} Rd8 28. Re5 Bc8 29. Rfe1 Bd7 30. Rd1 (30. Re7 $142 c5 {[#]} 31. Rxd7 $1 {[%mdl 512]} Rb8 32. Rde7 hxg5 33. Re8+ Rxe8 34. Rxe8#) 30... hxg5 {[#]} 31. Rxd7 $1 {[%mdl 512] Precision: White = 67%, Black = 27%.} 1-0

[Event "Winter Paracin-GM 2019"]
[Site "Paracin"]
[Date "2019.02.06"]
[Round "9.5"]
[White "Lajthajm, Borko"]
[Black "Raja Rithvik R"]
[Result "1/2-1/2"]
[WhiteElo "2431"]
[BlackElo "2431"]
[Annotator "TA"]
[PlyCount "27"]
[EventDate "2019.01.31"]
[EventType "tourn"]
[EventCountry "SRB"]
[SourceTitle "playchess.com"]
[Source "ChessBase"]
[SourceQuality "1"]

{[%evp 9,27,6,17,0,-2,-21,11,-25,-15,-31,-33,-27,-31,-39,-25,-54,-20,-15,-11,-8]} 1. e4 c5 2. c3 (2. Nf3 e6 3. c3 Nf6 4. e5 {½-½ (20) Alekseev,E (2639)-Svidler,P (2737) St Petersburg 2018}) 2... Nf6 3. e5 Nd5 4. Nf3 e6 $146 ({Predecessor:} 4... d6 5. exd6 e6 {½-½ (55) Harvey,M (2341)-Pert,N (2548) England 2018}) 5. Na3 (5. d4 cxd4 6. cxd4 b6 7. Nc3 Nxc3 8. bxc3 Qc7 9. Bd2 d6 10. Bd3 Nd7 11. Ng5 Bb7 12. Qh5 g6 13. Qh3 dxe5 14. O-O Be7 15. Rae1 Bxg5 16. Bxg5 f5 17. dxe5 Kf7 18. Re3 h6 19. Bh4 g5 20. Bxf5 {½-½ (20) Alekseev,E (2639)-Svidler,P (2737) St Petersburg 2018}) 5... d6 6. exd6 {B22: Sicilian: 2 c3} Bxd6 7. Nc4 Be7 8. a4 ({Predecessor:} 8. d4 Nd7 9. Ne3 Nxe3 10. Bxe3 O-O 11. Bd3 cxd4 12. Bxd4 Bc5 {½-½ (55) Harvey,M (2341)-Pert,N (2548) England 2018}) 8... Nc6 9. d4 cxd4 10. Nxd4 Nxd4 11. Qxd4 O-O 12. Bd2 Nf6 13. Qxd8 Rxd8 14. Be2 1/2-1/2